Countries Emmanuel Macron has Visited - Statistics

General Stats
  • This quiz has been taken 274 times
    56 since last reset
  • The average score is 68 of 88
Answer Stats
Continent Country % Correct
Europe United Kingdom
100%
North America Canada
96%
Asia China
96%
Europe Sweden
96%
Oceania Australia
93%
Europe Belgium
93%
South America Brazil
93%
Europe Denmark
93%
Asia India
93%
Europe Ireland
93%
Europe Italy
93%
Asia Japan
93%
Asia/ Europe Russia
93%
Europe Spain
93%
North America United States of America
93%
Africa Algeria
89%
Europe Austria
89%
South America Chile
89%
Europe Finland
89%
Europe Switzerland
89%
Europe Ukraine
89%
Europe Albania
86%
South America Argentina
86%
Africa Democratic Republic of the Congo
86%
Africa Egypt
86%
Europe Germany
86%
Europe Portugal
86%
Europe Croatia
82%
Europe Greece
82%
Europe Hungary
82%
Africa Mali
82%
Africa Niger
82%
Africa Nigeria
82%
Africa Republic of the Congo
82%
Europe Slovakia
82%
Europe Slovenia
82%
Europe the Netherlands
82%
Asia/ Europe Turkey
82%
Europe Vatican City
82%
Africa Angola
79%
Africa Benin
79%
Europe Bulgaria
79%
Africa Chad
79%
Asia Indonesia
79%
Africa Morocco
79%
Europe Poland
79%
Asia Qatar
79%
Europe Romania
79%
Asia United Arab Emirates
79%
Asia Armenia
75%
Europe Czech Republic
75%
Europe Estonia
75%
Africa Ethiopia
75%
Europe Iceland
75%
Asia Israel
75%
Europe Latvia
75%
Europe Lithuania
75%
Asia Saudi Arabia
75%
Europe Serbia
75%
Africa South Africa
75%
Africa Cameroon
71%
Africa Gabon
71%
Africa Ghana
71%
Africa Kenya
71%
Asia Singapore
71%
Africa Burkina Faso
68%
Africa Guinea Bissau
68%
Asia Jordan
68%
Europe Luxembourg
68%
Europe Malta
68%
Europe Moldova
68%
Africa Rwanda
68%
Asia Bangladesh
64%
Asia Kazakhstan
64%
Asia Lebanon
64%
Africa Mauritania
64%
Asia Mongolia
64%
Africa Senegal
64%
Africa Tunisia
64%
Europe Cyprus
61%
Oceamia Papua New Guinea
57%
Asia Sri Lanka
57%
Asia Iraq
54%
Africa Ivory Coast
54%
Asia Uzbekistan
54%
Oceania Vanuatu
54%
Africa Djibouti
46%
Africa Mauritius
46%
No matching quizzes found
Score Distribution
Percent of People with Each Score
Percentile by Number Answered
Your Score History
You have not taken this quiz since the last reset